[Event "NAYCC U10"]
[Site "Toronto CAN"]
[Date "2013.08.18"]
[Round "9"]
[White "Moreno Vasquez, Esteban"]
[Black "Luo, Jia Yu"]
[Result "1-0"]
[WhiteElo "1717"]
[BlackElo "951"]
[PlyCount "69"]
[GameId "2160767909267150"]
[EventDate "2013.08.14"]
[EventType "swiss"]
[EventRounds "9"]
[EventCountry "CAN"]
[SourceTitle "hb 2013"]

1. c4 e5 2. Nc3 Nf6 3. Nf3 Nc6 4. g3 Be7 5. Bg2 O-O 6. O-O d5 7. cxd5 Nxd5 8. e4 Nxc3 9. dxc3 h6 10. Be3 Qxd1 11. Rfxd1 Be6 12. b4 a6 13. a4 Bb3 14. Rd2 Be6 15. Rb1 b5 16. a5 Rad8 17. Rbd1 Bb3 18. Rxd8 Rxd8 19. Rxd8+ Bxd8 20. Nd2 Be6 21. f4 f6 22. Bf1 Nxa5 23. bxa5 c6 24. Bb6 Bxb6+ 25. axb6 Bc8 26. Nb3 g5 27. fxe5 fxe5 28. Na5 c5 29. b7 Bxb7 30. Nxb7 b4 31. cxb4 cxb4 32. Bxa6 b3 33. Bc4+ Kg7 34. Bxb3 h5 35. Bc4 1-0

[Event "NAYCC U10"]
[Site "Toronto CAN"]
[Date "2013.08.18"]
[Round "9"]
[White "Noritsyn, Sergey"]
[Black "Wang, Andrew B"]
[Result "1-0"]
[WhiteElo "2006"]
[BlackElo "1745"]
[PlyCount "63"]
[GameId "2160767909267151"]
[EventDate "2013.08.14"]
[EventType "swiss"]
[EventRounds "9"]
[EventCountry "CAN"]
[SourceTitle "EXT 2022"]
[Source "ChessBase"]
[SourceDate "2021.10.06"]
[SourceVersion "1"]
[SourceVersionDate "2021.10.06"]
[SourceQuality "1"]

1. e4 e5 2. Nf3 Nc6 3. d4 exd4 4. Nxd4 Bc5 5. Be3 Qf6 6. c3 Nge7 7. Bc4 Qg6 8. Nxc6 Qxg2 9. Rf1 Qxe4 10. Nxe7 Bxe3 11. fxe3 Qxe3+ 12. Qe2 Qc1+ 13. Kf2 Qf4+ 14. Kg1 Qg5+ 15. Kh1 Qxe7 16. Qxe7+ Kxe7 17. Rxf7+ Kd6 18. Rxg7 Re8 19. Nd2 b5 20. Bxb5 Rb8 21. Bd3 Rf8 22. Rxh7 Rg8 23. Nc4+ Ke6 24. Re1+ Kf6 25. Rf1+ Ke6 26. Rh6+ Ke7 27. Re1+ Kd8 28. Rg6 Rf8 29. Ne5 Rxb2 30. Nf7+ Rxf7 31. Rg8+ Rf8 32. Rxf8# 1-0

[Event "NAYCC U10"]
[Site "Toronto CAN"]
[Date "2013.08.18"]
[Round "9"]
[White "Ren, Gaven"]
[Black "Zeng, Leo"]
[Result "1/2-1/2"]
[WhiteElo "716"]
[BlackElo "1002"]
[PlyCount "47"]
[GameId "2160767909267152"]
[EventDate "2013.08.14"]
[EventType "swiss"]
[EventRounds "9"]
[EventCountry "CAN"]
[SourceTitle "hb 2013"]

1. d4 d5 2. c4 dxc4 3. e4 e6 4. Nc3 Bb4 5. Bxc4 Nf6 6. Bg5 Qd7 7. Bxf6 gxf6 8. Nf3 Nc6 9. a3 Bxc3+ 10. bxc3 b6 11. O-O Bb7 12. Bb5 Qe7 13. Qd3 O-O-O 14. Bxc6 Bxc6 15. Rfe1 Rhg8 16. Rad1 f5 17. exf5 Rde8 18. fxe6 fxe6 19. d5 Bxd5 20. Qa6+ Bb7 21. Qd3 Kb8 22. Re3 Ref8 23. Kf1 Qxa3 24. Qxh7 1/2-1/2

[Event "NAYCC U10"]
[Site "Toronto CAN"]
[Date "2013.08.18"]
[Round "9"]
[White "Ruan, Colin"]
[Black "Corvera Choi, Kemos"]
[Result "1/2-1/2"]
[WhiteElo "1186"]
[BlackElo "1667"]
[PlyCount "32"]
[GameId "2160767909267154"]
[EventDate "2013.08.14"]
[EventType "swiss"]
[EventRounds "9"]
[EventCountry "CAN"]
[SourceTitle "hb 2013"]

1. e4 c5 2. Nf3 d6 3. d3 Nf6 4. g3 b5 5. Bg2 Bb7 6. Nbd2 Nbd7 7. O-O g6 8. b3 Bg7 9. Bb2 O-O 10. a4 a6 11. axb5 axb5 12. Rxa8 Bxa8 13. Nh4 e5 14. Qe2 Nh5 15. c4 b4 16. Ra1 Bb7 1/2-1/2

[Event "NAYCC U10"]
[Site "Toronto CAN"]
[Date "2013.08.18"]
[Round "9"]
[White "Tang, Daniel"]
[Black "Ju, Lawrence"]
[Result "0-1"]
[WhiteElo "933"]
[BlackElo "1420"]
[PlyCount "152"]
[GameId "2160767909267156"]
[EventDate "2013.08.14"]
[EventType "swiss"]
[EventRounds "9"]
[EventCountry "CAN"]
[SourceTitle "hb 2013"]

1. e4 c5 2. Nf3 Nc6 3. Bc4 Nf6 4. Ng5 e6 5. d3 Be7 6. Nc3 Nd4 7. Nf3 Qa5 8. Bd2 Nxf3+ 9. Qxf3 Qd8 10. Qg3 Rg8 11. Bf4 Nh5 12. Qg4 Nxf4 13. Qxf4 a6 14. Qf3 b5 15. e5 Rb8 16. Bb3 Bb7 17. Qh3 h6 18. f3 Rc8 19. a3 b4 20. axb4 cxb4 21. Ne2 a5 22. d4 Ba6 23. Ng3 Bb5 24. Qg4 a4 25. Bxa4 Bxa4 26. Rxa4 Rxc2 27. Ra2 Rc1+ 28. Kf2 Rc2+ 29. Ne2 b3 30. Qe4 Rxe2+ 31. Kxe2 bxa2 32. Ra1 Qa5 33. Qc2 Qa6+ 34. Kf2 d6 35. Qb3 Qa7 36. Ke3 dxe5 37. Qb5+ Qd7 38. Qb8+ Bd8 39. Qxe5 Ke7 40. Qc5+ Qd6 41. Qa7+ Bc7 42. Rxa2 Rb8 43. Qa6 Qxa6 44. Rxa6 Rxb2 45. Ra7 Kd8 46. Ra8+ Rb8 47. Ra7 Rb3+ 48. Kf2 Bxh2 49. Rxf7 Rb2+ 50. Kf1 Rb1+ 51. Kf2 Bg1+ 52. Kg3 Bxd4 53. Kg4 Re1 54. Kf4 Ke8 55. Rb7 e5+ 56. Kf5 Rg1 57. Rxg7 e4 58. Rh7 exf3 59. gxf3 Rh1 60. Kg6 Be3 61. Kf5 Rf1 62. Ke4 Re1 63. Kd3 Kf8 64. Ke4 Kg8 65. Ra7 Bxa7+ 66. Kf4 Rg1 67. Ke4 h5 68. f4 h4 69. f5 h3 70. f6 h2 71. f7+ Kxf7 72. Kf3 h1=Q+ 73. Kf4 Re1 74. Kf5 Qf3+ 75. Kg5 Rg1+ 76. Kh4 Qh1# 0-1

[Event "NAYCC U10"]
[Site "Toronto CAN"]
[Date "2013.08.18"]
[Round "9"]
[White "Wang, Frank2"]
[Black "Luo, Benett"]
[Result "1-0"]
[WhiteElo "1374"]
[BlackElo "749"]
[PlyCount "29"]
[GameId "2160767909267157"]
[EventDate "2013.08.14"]
[EventType "swiss"]
[EventRounds "9"]
[EventCountry "CAN"]
[SourceTitle "hb 2013"]

1. e4 e5 2. f4 d6 3. Nf3 f5 4. Nc3 Nc6 5. Bc4 Nf6 6. d3 Be7 7. Ng5 Rf8 8. O-O Na5 9. Ne6 Bxe6 10. Bxe6 c6 11. Be3 c5 12. exf5 Ng4 13. Qxg4 Bf6 14. Qh5+ Ke7 15. Nd5# 1-0

[Event "NAYCC U10"]
[Site "Toronto CAN"]
[Date "2013.08.18"]
[Round "9"]
[White "Wong, Anthony G"]
[Black "Zheng, Victor"]
[Result "0-1"]
[WhiteElo "1482"]
[BlackElo "1016"]
[PlyCount "116"]
[GameId "2160767909267158"]
[EventDate "2013.08.14"]
[EventType "swiss"]
[EventRounds "9"]
[EventCountry "CAN"]
[SourceTitle "EXT 2022"]
[Source "ChessBase"]
[SourceDate "2021.10.06"]
[SourceVersion "1"]
[SourceVersionDate "2021.10.06"]
[SourceQuality "1"]

1. c4 e5 2. Nc3 Nf6 3. g3 g6 4. Bg2 Bg7 5. Nf3 d6 6. O-O O-O 7. b4 Nbd7 8. Bb2 Rb8 9. Nb5 a6 10. Na7 b5 11. Nxc8 Qxc8 12. c5 dxc5 13. bxc5 e4 14. Ng5 Nxc5 15. Qc2 Qf5 16. Rac1 Qxg5 17. Qxc5 Qxd2 18. Bxf6 Bxf6 19. Rc2 Qd4 20. Qxd4 Bxd4 21. Bxe4 Rfe8 22. Bd5 Rbd8 23. Bc6 Re6 24. Bf3 Bb6 25. e3 Rf6 26. Bb7 a5 27. Bg2 Kg7 28. a3 c5 29. Rb1 b4 30. h4 Rd3 31. axb4 cxb4 32. Rc6 Rxc6 33. Bxc6 Ra3 34. Bd5 Kf6 35. e4 Rxg3+ 36. Kf1 Rh3 37. Ke2 Rxh4 38. Rc1 Ke5 39. Rc6 Bd4 40. Ra6 Rh2 41. Rxa5 Rxf2+ 42. Kd3 Bc3 43. Bxf7+ Kd6 44. Rd5+ Ke7 45. Bg8 Rd2+ 46. Kc4 Rxd5 47. exd5 h5 48. Bh7 g5 49. Bg6 h4 50. Bf5 Kd6 51. Bg4 Be1 52. Bf5 b3 53. Kxb3 Kxd5 54. Kc2 Ke5 55. Bh3 Kf4 56. Kd1 Kg3 57. Bd7 Bb4 58. Ke2 h3 0-1

[Event "NAYCC U10"]
[Site "Toronto CAN"]
[Date "2013.08.18"]
[Round "9"]
[White "Yaskolko, Maxim"]
[Black "Talukdar, Rohan"]
[Result "0-1"]
[WhiteElo "1741"]
[BlackElo "1651"]
[PlyCount "166"]
[GameId "2160767909267159"]
[EventDate "2013.08.14"]
[EventType "swiss"]
[EventRounds "9"]
[EventCountry "CAN"]
[SourceTitle "EXT 2022"]
[Source "ChessBase"]
[SourceDate "2021.10.06"]
[SourceVersion "1"]
[SourceVersionDate "2021.10.06"]
[SourceQuality "1"]

1. e4 e6 2. d4 d5 3. Nc3 Nf6 4. e5 Nfd7 5. f4 c5 6. Nf3 a6 7. Be3 c4 8. Be2 Nc6 9. O-O b5 10. a3 Bb7 11. Qd2 Qb6 12. Ng5 Ne7 13. Bg4 g6 14. h4 h6 15. Nf3 h5 16. Bh3 Nc6 17. Ng5 Nd8 18. Qf2 Be7 19. a4 b4 20. a5 Qc7 21. Na4 Bc6 22. Qg3 Bxa4 23. Rxa4 Nf8 24. Qf2 Qd7 25. Raa1 Rb8 26. Qe2 Rb5 27. Ra4 Nc6 28. b3 c3 29. Rfa1 Bd8 30. Kf2 Nxa5 31. Rh1 Nh7 32. Raa1 Nxg5 33. hxg5 Qa7 34. g4 Bb6 35. Qd3 Nc6 36. Rhd1 hxg4 37. Bxg4 Ke7 38. Kg3 Kd7 39. Bf2 Bc7 40. Rh1 Rxh1 41. Rxh1 Qb8 42. Rh7 Qg8 43. Rh1 Rb6 44. Rh6 Ne7 45. Qd1 a5 46. Qh1 Rb8 47. Rh7 Bb6 48. Qh6 a4 49. Qh1 axb3 50. cxb3 Nc6 51. Rh2 Bxd4 52. Bxd4 Nxd4 53. Bd1 Qf8 54. Bc2 Nxc2 55. Rxc2 Qc5 56. Qa1 Kc7 57. Ra2 Rb7 58. Kf3 d4 59. Ke2 Qd5 60. Qb1 Kb6 61. Kf2 d3 62. Kg3 d2 63. Qg1+ Kc7 64. Qd1 Qd3+ 65. Kg4 Kd7 66. Rc2 Rc7 67. Kh4 Qe3 68. Kg4 Qe1 69. Rc1 Qxd1+ 70. Rxd1 Ke7 71. f5 exf5+ 72. Kh4 Rd7 73. e6 fxe6 74. Kg3 c2 75. Rh1 d1=Q 76. Rh7+ Kd6 77. Rh2 Qd3+ 78. Kh4 Qe4+ 79. Kg3 Qg4+ 80. Kf2 Ke5 81. Kf1 c1=Q+ 82. Kf2 Rd2+ 83. Ke3 Qc3# 0-1

[Event "NAYCC U10"]
[Site "Toronto CAN"]
[Date "2013.08.18"]
[Round "9"]
[White "Yong, Nathaniel"]
[Black "Atanasov, Dimitar"]
[Result "1-0"]
[WhiteElo "1014"]
[BlackElo "916"]
[PlyCount "114"]
[GameId "2160767909267160"]
[EventDate "2013.08.14"]
[EventType "swiss"]
[EventRounds "9"]
[EventCountry "CAN"]
[SourceTitle "hb 2013"]

1. e4 e6 2. d4 d5 3. Nc3 Nf6 4. e5 Nfd7 5. Nf3 c5 6. Bb5 Nc6 7. Bf4 a6 8. Bxc6 bxc6 9. Qd2 cxd4 10. Nxd4 c5 11. Nf3 Be7 12. O-O O-O 13. Rad1 Bb7 14. Ne2 Re8 15. b3 Nf8 16. Bg5 Bxg5 17. Nxg5 Ng6 18. f4 h6 19. Nf3 Qc7 20. Ne1 Rad8 21. c3 Qe7 22. g3 f6 23. Nf3 fxe5 24. Nxe5 Nxe5 25. fxe5 Qg5 26. Qc2 Qe3+ 27. Rf2 Qxe5 28. Qg6 Qe4 29. Qf7+ Kh8 30. Qxb7 Ra8 31. Qc6 Rec8 32. Qa4 Qxa4 33. bxa4 Rf8 34. Rxf8+ Rxf8 35. Rf1 Rb8 36. Nf4 Rb6 37. Re1 Rb2 38. Re2 Rxe2 39. Nxe2 Kg8 40. Kf2 Kf7 41. Nf4 g5 42. Nd3 c4 43. Nb4 a5 44. Nc6 Ke8 45. Ke3 Kd7 46. Ne5+ Ke8 47. h4 gxh4 48. gxh4 h5 49. Kf4 Ke7 50. Kg5 Kd6 51. Nf3 e5 52. Kxh5 e4 53. Nd4 e3 54. Kg5 Ke5 55. h5 Ke4 56. h6 Kd3 57. h7 e2 1-0

[Event "NAYCC U10"]
[Site "Toronto CAN"]
[Date "2013.08.18"]
[Round "9"]
[White "Zhang, Henry"]
[Black "Yu, Ryan"]
[Result "1-0"]
[WhiteElo "1414"]
[BlackElo "802"]
[PlyCount "107"]
[GameId "2160767909267161"]
[EventDate "2013.08.14"]
[EventType "swiss"]
[EventRounds "9"]
[EventCountry "CAN"]
[SourceTitle "hb 2013"]

1. e4 e5 2. Nf3 Nc6 3. Bc4 Bc5 4. d3 d6 5. h3 h6 6. c3 a5 7. O-O Nf6 8. Be3 Bxe3 9. fxe3 O-O 10. Nbd2 b6 11. Re1 Ba6 12. Bxa6 Rxa6 13. d4 Ra8 14. Qc2 Re8 15. d5 Ne7 16. Nf1 c5 17. dxc6 Nxc6 18. Rad1 Rc8 19. Ng3 Nb4 20. Qd2 Nc6 21. Qxd6 Qxd6 22. Rxd6 h5 23. Red1 b5 24. Kf1 Kf8 25. b3 g6 26. Rxf6 b4 27. c4 Kg7 28. Rfd6 Nd8 29. Nxe5 f6 30. Nf3 Nf7 31. R6d5 a4 32. Rb5 axb3 33. axb3 Rb8 34. Rxb8 Rxb8 35. Ke2 Ra8 36. Kd3 Ra3 37. Rb1 Ra2 38. Ne2 f5 39. exf5 gxf5 40. g3 Kf6 41. Rc1 Ne5+ 42. Nxe5 Kxe5 43. Rc2 Ra3 44. Nd4 Kf6 45. c5 Ke7 46. c6 Kd8 47. c7+ Kc8 48. Kc4 Ra7 49. Nb5 Ra6 50. Kxb4 Rh6 51. Na7+ Kb7 52. c8=Q+ Kxa7 53. Rc7+ Kb6 54. Qb7# 1-0

[Event "NAYCC U10"]
[Site "Toronto CAN"]
[Date "2013.08.18"]
[Round "9"]
[White "Zheng, Ethan"]
[Black "Frutos, Cole N"]
[Result "0-1"]
[WhiteElo "1237"]
[BlackElo "1721"]
[PlyCount "54"]
[GameId "2160767909267162"]
[EventDate "2013.08.14"]
[EventType "swiss"]
[EventRounds "9"]
[EventCountry "CAN"]
[SourceTitle "EXT 2022"]
[Source "ChessBase"]
[SourceDate "2021.10.06"]
[SourceVersion "1"]
[SourceVersionDate "2021.10.06"]
[SourceQuality "1"]

1. d4 d5 2. c4 e6 3. Nc3 Nf6 4. Nf3 b6 5. Bg5 Bb7 6. a3 a5 7. e3 Nbd7 8. cxd5 exd5 9. Bd3 Be7 10. O-O O-O 11. Qc2 h6 12. Bh4 Rc8 13. Bf5 Re8 14. Bxf6 Bxf6 15. Rfe1 g6 16. Bd3 c5 17. Qd2 Bg7 18. Rac1 f5 19. Nb5 Qe7 20. Be2 Nf6 21. Rc2 Ne4 22. Qd3 Ba6 23. Qb3 c4 24. Qa4 Bb7 25. Rec1 Bc6 26. b3 c3 27. b4 Qd7 0-1

[Event "NAYCC U10 w"]
[Site "Toronto CAN"]
[Date "2013.08.14"]
[Round "1"]
[White "Chen, Carol"]
[Black "Samadashvili, Martha"]
[Result "0-1"]
[WhiteElo "1118"]
[BlackElo "1651"]
[PlyCount "120"]
[GameId "2160767909267163"]
[EventDate "2013.08.14"]
[EventType "swiss"]
[EventRounds "9"]
[EventCountry "CAN"]
[SourceTitle "hb 2013"]

1. d4 d5 2. e3 Nf6 3. Bd3 c5 4. c3 Nc6 5. f4 c4 6. Bc2 Bg4 7. Nf3 e6 8. Nbd2 g6 9. O-O Bg7 10. Qe1 O-O 11. Ne5 Bf5 12. Bxf5 exf5 13. h3 Ne4 14. g4 Nxe5 15. dxe5 fxg4 16. hxg4 Nc5 17. g5 h6 18. gxh6 Bxh6 19. Qg3 Kg7 20. Kg2 Rh8 21. Rh1 Nd3 22. f5 Qg5 23. f6+ Kg8 24. Qxg5 Bxg5 25. Rxh8+ Kxh8 26. Nf3 Bh6 27. Bd2 Kg8 28. Rh1 Bf8 29. Bc1 Re8 30. Rd1 b5 31. Kf1 b4 32. Ke2 Re6 33. cxb4 Bxb4 34. a3 Bc5 35. b4 Bb6 36. b5 Nxe5 37. Rxd5 Nxf3 38. Kxf3 Rxf6+ 39. Ke2 Re6 40. a4 f6 41. Rd1 f5 42. Rg1 f4 43. Rg4 fxe3 44. Rxc4 Kh7 45. Rc3 g5 46. Bxe3 g4 47. Kd2 Ba5 48. Kd3 Bxc3 49. Kxc3 Rxe3+ 50. Kd2 Ra3 51. b6 axb6 52. a5 bxa5 53. Ke1 Rf3 54. Ke2 a4 55. Ke1 a3 56. Kd1 a2 57. Ke2 a1=Q 58. Kd2 Qa2+ 59. Ke1 Rb3 60. Kf1 Rb1# 0-1

[Event "NAYCC U10 w"]
[Site "Toronto CAN"]
[Date "2013.08.14"]
[Round "1"]
[White "Garai, Antara"]
[Black "Henry, Nadia"]
[Result "1-0"]
[WhiteElo "1523"]
[BlackElo "1009"]
[PlyCount "57"]
[GameId "2160767909267164"]
[EventDate "2013.08.14"]
[EventType "swiss"]
[EventRounds "9"]
[EventCountry "CAN"]
[SourceTitle "hb 2013"]

1. e4 e5 2. Nf3 Nc6 3. Bb5 a6 4. Ba4 b5 5. Bb3 Bc5 6. O-O Nf6 7. c3 Nxe4 8. Qe2 d5 9. d3 Nf6 10. d4 Be7 11. dxe5 Ne4 12. Nbd2 Nxd2 13. Bxd2 O-O 14. Rad1 Bg4 15. Rfe1 Re8 16. h3 Bh5 17. e6 Bd6 18. Bxd5 Nd4 19. cxd4 Rb8 20. Qd3 Bg6 21. exf7+ Bxf7 22. Bxf7+ Kxf7 23. Ng5+ Kf8 24. Qf5+ Qf6 25. Nxh7+ Kf7 26. Nxf6 gxf6 27. Qh5+ Kf8 28. Bh6+ Kg8 29. Qg6+ 1-0

[Event "NAYCC U10 w"]
[Site "Toronto CAN"]
[Date "2013.08.14"]
[Round "1"]
[White "Kao, Simona"]
[Black "Zhao, Chenyi"]
[Result "0-1"]
[WhiteElo "1085"]
[BlackElo "1539"]
[PlyCount "58"]
[GameId "2160767909267165"]
[EventDate "2013.08.14"]
[EventType "swiss"]
[EventRounds "9"]
[EventCountry "CAN"]
[SourceTitle "hb 2013"]

1. e4 c5 2. Nf3 d6 3. d4 cxd4 4. Nxd4 Nf6 5. Nc3 a6 6. Bg5 e6 7. Bd3 Nbd7 8. O-O Qc7 9. f4 Qb6 10. Be2 e5 11. fxe5 dxe5 12. Na4 Qxd4+ 13. Qxd4 exd4 14. Bxf6 Nxf6 15. Nb6 Rb8 16. Nxc8 Rxc8 17. Bd3 Bd6 18. Rfe1 Be5 19. b3 O-O 20. Rf1 Ng4 21. h3 Ne3 22. Rfc1 Rc3 23. a4 Rfc8 24. Ra2 Rxd3 25. cxd3 Rxc1+ 26. Kf2 Rf1+ 27. Ke2 Bg3 28. a5 Rf2+ 29. Ke1 Rxa2# 0-1

[Event "NAYCC U10 w"]
[Site "Toronto CAN"]
[Date "2013.08.14"]
[Round "1"]
[White "Kathirkamar, Janani"]
[Black "Vittal, Sanjana"]
[Result "0-1"]
[WhiteElo "973"]
[BlackElo "1511"]
[PlyCount "68"]
[GameId "2160767909267166"]
[EventDate "2013.08.14"]
[EventType "swiss"]
[EventRounds "9"]
[EventCountry "CAN"]
[SourceTitle "hb 2013"]

1. e4 e5 2. Nf3 Nc6 3. Nc3 Nf6 4. Bb5 d6 5. d4 a6 6. Ba4 b5 7. Bb3 Bg4 8. Be3 exd4 9. Bxd4 Be7 10. Qd3 Nb4 11. Qe3 c5 12. Bxf6 Bxf6 13. a3 Nc6 14. Bd5 Qd7 15. O-O O-O 16. Qf4 Bxc3 17. bxc3 Rac8 18. Ng5 Be6 19. Nxe6 fxe6 20. Bxc6 Qxc6 21. Qe3 d5 22. exd5 exd5 23. f4 Rce8 24. Qh3 Re2 25. Rac1 Qg6 26. Rf3 Rxc2 27. Rcf1 Ra2 28. Rg3 Qf5 29. Qh4 Rf6 30. Rg5 Qe4 31. Rg3 Re6 32. f5 Qxh4 33. fxe6 Qe4 34. Rgf3 h6 0-1

[Event "NAYCC U10 w"]
[Site "Toronto CAN"]
[Date "2013.08.14"]
[Round "1"]
[White "Male-Pathiranage, Thisandi"]
[Black "Zhang, Taylor"]
[Result "0-1"]
[WhiteElo "924"]
[BlackElo "1387"]
[PlyCount "82"]
[GameId "2160767909267167"]
[EventDate "2013.08.14"]
[EventType "swiss"]
[EventRounds "9"]
[EventCountry "CAN"]
[SourceTitle "hb 2013"]

1. e4 e6 2. Nf3 d5 3. Nc3 c5 4. Bb5+ Bd7 5. Bd3 d4 6. Nb5 a6 7. Na3 Nc6 8. b3 Nge7 9. Bb2 Ng6 10. c3 e5 11. Bc4 Bd6 12. O-O O-O 13. Bc1 h6 14. d3 Rb8 15. Ng5 Be7 16. Nxf7 Rxf7 17. Qh5 Nh8 18. Nc2 Bf6 19. Ne1 Qe7 20. Nf3 Be6 21. Nd2 Bxc4 22. Nxc4 b5 23. Nd6 Qxd6 24. Ba3 dxc3 25. Rae1 Bg5 26. g3 Qg6 27. Qh3 c2 28. f4 Bxf4 29. Bc1 Bxc1 30. Rxc1 Rxf1+ 31. Qxf1 Nd4 32. Qf2 Qg5 33. Rxc2 Nxc2 34. Qxc2 Qe3+ 35. Kf1 Rf8+ 36. Kg2 Qe1 37. Kh3 Qf1+ 38. Kh4 Ng6+ 39. Kg4 Qf3+ 40. Kh3 Nf4+ 41. Kh4 Qh5# 0-1

[Event "NAYCC U10 w"]
[Site "Toronto CAN"]
[Date "2013.08.14"]
[Round "1"]
[White "Salazar Gould, Melannie"]
[Black "Qiao, Cindy"]
[Result "1-0"]
[WhiteElo "1600"]
[BlackElo "1110"]
[PlyCount "131"]
[GameId "2160767909267168"]
[EventDate "2013.08.14"]
[EventType "swiss"]
[EventRounds "9"]
[EventCountry "CAN"]
[SourceTitle "EXT 2022"]
[Source "ChessBase"]
[SourceDate "2021.10.06"]
[SourceVersion "1"]
[SourceVersionDate "2021.10.06"]
[SourceQuality "1"]

1. e4 d5 2. exd5 Qxd5 3. Nc3 Qa5 4. Nf3 Nf6 5. Bc4 Nc6 6. d3 Bg4 7. Bd2 e6 8. Ne4 Qb6 9. Nxf6+ gxf6 10. b3 O-O-O 11. Bc3 Bg7 12. O-O Rhg8 13. a4 f5 14. Bxg7 Rxg7 15. Qe2 Nd4 16. Qe5 Rg6 17. Nxd4 Rxd4 18. a5 Qd6 19. Qxd6 Rxd6 20. Rfe1 Bf3 21. g3 a6 22. b4 Bc6 23. Re5 b5 24. Bb3 Bd5 25. Bxd5 Rxd5 26. Rxd5 exd5 27. Re1 Re6 28. Rxe6 fxe6 29. Kf1 Kd7 30. Ke2 Ke7 31. f4 Kf6 32. Kf3 h5 33. h4 Ke7 34. Ke3 Kd6 35. Kd4 c6 36. c4 dxc4 37. dxc4 bxc4 38. Kxc4 e5 39. fxe5+ Kxe5 40. Kc5 f4 41. gxf4+ Kxf4 42. Kb6 Kg4 43. Kxa6 Kxh4 44. Kb7 Kg3 45. a6 h4 46. a7 h3 47. a8=Q h2 48. Qg8+ Kf2 49. Qf7+ Kg3 50. Qg6+ Kf4 51. Qg2 h1=Q 52. Qxh1 Ke3 53. Qxc6 Kf4 54. Qd5 Ke3 55. Kc6 Kf4 56. Qe6 Kf3 57. Qe5 Kg4 58. Qf6 Kg3 59. Qf5 Kh4 60. Qg6 Kh3 61. Qg5 Kh2 62. Qg4 Kh1 63. Kd5 Kh2 64. Ke4 Kh1 65. Kf3 Kh2 66. Qg2# 1-0

[Event "NAYCC U10 w"]
[Site "Toronto CAN"]
[Date "2013.08.14"]
[Round "1"]
[White "Tsypin, Allison"]
[Black "Rajsic, Charlotte"]
[Result "1-0"]
[WhiteElo "1139"]
[BlackElo "761"]
[PlyCount "45"]
[GameId "2160767909267169"]
[EventDate "2013.08.14"]
[EventType "swiss"]
[EventRounds "9"]
[EventCountry "CAN"]
[SourceTitle "hb 2013"]

1. d4 d5 2. c4 c6 3. Nc3 Nf6 4. Nf3 Bf5 5. Bg5 h6 6. Bh4 Nbd7 7. e3 Qc7 8. Bg3 Qa5 9. Qd2 Ne4 10. Nxe4 Qxd2+ 11. Nexd2 e6 12. c5 Be7 13. Be2 O-O 14. O-O b6 15. cxb6 Nxb6 16. Ne5 Rfc8 17. Ba6 Rc7 18. Rac1 Bb4 19. Nb3 Nc4 20. Nxc4 dxc4 21. Bxc7 cxb3 22. axb3 Bd3 23. Bxd3 1-0

[Event "NAYCC U10 w"]
[Site "Toronto CAN"]
[Date "2013.08.14"]
[Round "1"]
[White "Zhang, Jeannie"]
[Black "Chertkow, Sasha"]
[Result "1-0"]
[WhiteElo "1468"]
[BlackElo "956"]
[PlyCount "81"]
[GameId "2160767909267170"]
[EventDate "2013.08.14"]
[EventType "swiss"]
[EventRounds "9"]
[EventCountry "CAN"]
[SourceTitle "hb 2013"]

1. e4 e5 2. Nf3 Nc6 3. Bc4 Nf6 4. d3 Bc5 5. c3 d6 6. Nbd2 Bg4 7. h3 Bh5 8. Nf1 h6 9. Ng3 Bg6 10. Bb3 Qe7 11. Bd2 O-O-O 12. Bc2 d5 13. O-O d4 14. c4 h5 15. Ba4 Qd7 16. b4 Be7 17. b5 Nb8 18. b6 Qd6 19. bxa7 Qa6 20. axb8=Q+ Kxb8 21. Nxe5 Bd6 22. Nf3 Bxg3 23. fxg3 Nd7 24. Rb1 Nb6 25. Bb5 Qxa2 26. Ra1 Qb2 27. Rb1 Qa3 28. Bb4 Qa2 29. Rf2 Qa7 30. Ra1 Na4 31. Rxa4 Qb6 32. Rfa2 c6 33. Ra8+ Kc7 34. Rxd8 Rxd8 35. Ba5 Qxa5 36. Rxa5 cxb5 37. Rxb5 Kc6 38. Qb3 Rd7 39. Qb4 Kc7 40. Rxb7+ Kd8 41. Qf8# 1-0

[Event "NAYCC U10 w"]
[Site "Toronto CAN"]
[Date "2013.08.15"]
[Round "2"]
[White "Henry, Nadia"]
[Black "Male-Pathiranage, Thisandi"]
[Result "1-0"]
[WhiteElo "1009"]
[BlackElo "924"]
[PlyCount "73"]
[GameId "2160767909267171"]
[EventDate "2013.08.14"]
[EventType "swiss"]
[EventRounds "9"]
[EventCountry "CAN"]
[SourceTitle "EXT 2022"]
[Source "ChessBase"]
[SourceDate "2021.10.06"]
[SourceVersion "1"]
[SourceVersionDate "2021.10.06"]
[SourceQuality "1"]

1. e4 e5 2. Nf3 Nc6 3. Bb5 d6 4. O-O Nf6 5. d3 Bg4 6. h3 Bxf3 7. Qxf3 Nd7 8. Nc3 Nd4 9. Qd1 Qh4 10. Bxd7+ Kd8 11. Bg4 Be7 12. Nd5 Bf8 13. Be3 h5 14. g3 hxg4 15. gxh4 Be7 16. Nxe7 Nf3+ 17. Kh1 Rxh4 18. Kg2 Rxh3 19. Nf5 Rh2+ 20. Kg3 Kd7 21. Kxg4 g5 22. Qxf3 Rhh8 23. Rh1 Rhg8 24. Rh5 f6 25. Rah1 Rg6 26. Rh6 Rgg8 27. d4 b5 28. dxe5 Rab8 29. exf6 Rb6 30. Bxb6 axb6 31. f7 Rf8 32. Rf6 Kd8 33. Rh8 Rxh8 34. f8=Q+ Rxf8 35. Rxf8+ Kd7 36. Nd4 c6 37. Qf7# 1-0

[Event "NAYCC U10 w"]
[Site "Toronto CAN"]
[Date "2013.08.15"]
[Round "2"]
[White "Kathirkamar, Janani"]
[Black "Kao, Simona"]
[Result "1-0"]
[WhiteElo "973"]
[BlackElo "1085"]
[PlyCount "69"]
[GameId "2160767909267172"]
[EventDate "2013.08.14"]
[EventType "swiss"]
[EventRounds "9"]
[EventCountry "CAN"]
[SourceTitle "EXT 2022"]
[Source "ChessBase"]
[SourceDate "2021.10.06"]
[SourceVersion "1"]
[SourceVersionDate "2021.10.06"]
[SourceQuality "1"]

1. e4 e5 2. Nf3 Nc6 3. Nc3 Nf6 4. Bb5 Bb4 5. d3 d6 6. O-O Bg4 7. Nd5 Nxd5 8. exd5 a6 9. Bxc6+ bxc6 10. dxc6 O-O 11. Qe2 Qf6 12. Qe4 Bxf3 13. Qxf3 Qxf3 14. gxf3 Rfe8 15. c3 Ba5 16. Kh1 Re6 17. b4 Bb6 18. c4 Bd4 19. Rb1 Rb8 20. Be3 Bxe3 21. fxe3 Rg6 22. b5 axb5 23. cxb5 d5 24. a4 Rd6 25. a5 Re6 26. Rfc1 e4 27. dxe4 dxe4 28. f4 Rd6 29. b6 cxb6 30. axb6 h6 31. c7 Rbxb6 32. c8=Q+ Kh7 33. Rxb6 Rxb6 34. Qf5+ Kg8 35. Rc8# 1-0

[Event "NAYCC U10 w"]
[Site "Toronto CAN"]
[Date "2013.08.15"]
[Round "2"]
[White "Qiao, Cindy"]
[Black "Chertkow, Sasha"]
[Result "1/2-1/2"]
[WhiteElo "1110"]
[BlackElo "956"]
[PlyCount "104"]
[GameId "2160767909267173"]
[EventDate "2013.08.14"]
[EventType "swiss"]
[EventRounds "9"]
[EventCountry "CAN"]
[SourceTitle "EXT 2022"]
[Source "ChessBase"]
[SourceDate "2021.10.06"]
[SourceVersion "1"]
[SourceVersionDate "2021.10.06"]
[SourceQuality "1"]

1. e4 e5 2. Nf3 Nc6 3. Bc4 Nf6 4. Nc3 Nxe4 5. Nxe4 d5 6. Bxd5 Qxd5 7. d3 Bf5 8. Nc3 Qe6 9. h3 O-O-O 10. O-O h6 11. Re1 g5 12. Nh2 Bb4 13. a3 Bxc3 14. bxc3 f6 15. Rb1 h5 16. Be3 g4 17. hxg4 Bxg4 18. f3 Bh3 19. gxh3 Qxh3 20. Bxa7 Rhg8+ 21. Kf2 Qxh2+ 22. Ke3 Qf4+ 23. Kf2 Nxa7 24. Rb4 Qh2+ 25. Ke3 e4 26. Rxe4 Rge8 27. Rh1 Rxe4+ 28. fxe4 Qd6 29. Rxh5 Qxa3 30. Qg4+ Kb8 31. Kd2 b6 32. Rd5 Rxd5 33. exd5 Nb5 34. Qc4 Nd6 35. Qc6 Qc5 36. Qxc5 bxc5 37. c4 Kb7 38. Ke3 c6 39. dxc6+ Kxc6 40. c3 f5 41. Kf4 Kc7 42. Ke5 Kd7 43. Kd5 Kc7 44. Kxc5 f4 45. Kd4 Kc6 46. c5 Nb5+ 47. Ke4 Nxc3+ 48. Kxf4 Kxc5 49. Ke3 Kd5 50. Kd2 Kd4 51. Kc2 Ne4 52. dxe4 Kxe4 1/2-1/2